000 00573nam a2200217Ia 4500
003 OSt
005 20220926043558.0
006 a|||||r|||| 00| 0
007 ta
008 220923b |||||||| |||| 00| 0 eng d
037 _cGeneral Book
040 _aRTL
_cRTL
_beng
041 _2eng
_aeng
082 _aUk1,N6, K4
100 _aDeffontaines Pierre Ed.
_9347968
245 0 _aLarousse encyclepedia of world geography
260 _c1964
650 _aGeography
942 _hUk1,N6, K4
_cGB
_2CC
999 _c672714
_d672714